00641nam a2200217 a 450000100060000000300080000600500170001400800410003103500190007204000330009104100080012408200240013210000320015624500780018825000120026626000390027830000290031750000210034665000120036770000440037973425BD-RjUL20211209082407.0170531s1954 enk 001 0 eng d a(BD-RjUL)73643 aDLCcCarPdDLCdBD-RjULbeng aeng a808.1bBES 19542231 aBelloc, Hilaired1870-1953.10aSonnets and Verse /cby H. Belloc ; with an introduction by Reginald Jebb aNew ed. aLondon :bGerald Duckworth,c1954. axxiii, 188 p. ;c23 cm. aIncludes index. aSonnets a with an introduction by Jebb, Reginald